• 首页
  • 本馆介绍
  • 公告通知
  • 最新文献
  • 馆藏检索
  • 电子资源
  • 读者导购
  • 参考咨询
  • 我的图书馆
  • 登录
  • 详细信息显示
  • 放入我的书架
  • 预约/预借图书
  • 作者相关作品
  • 分类相关作品
  • 丛书相关作品
  • 出版社相关作品

书目信息

  • 表格格式
  • 工作单格式
  • 卡片格式
题名:
当代中国网络舆情研究
    
 
作者: 安云初 著
分册:  
出版信息: 长沙   湖南师范大学出版社  2014.03
页数: 240页
开本: 24cm
丛书名:
单 册:
中图分类: C912.63 , G122
科图分类:
主题词: 互联网络--舆论--研究--中国 , 互联网络 , 舆论
电子资源:
ISBN: 978-7-5648-1399-4
000 01144nam0 2200301 450
001 0120141270438
005 20140611145851.62
010    @a978-7-5648-1399-4@dCNY30.00
100    @a20140410d2014 em y0chiy0110 ea
101 0  @achi
102    @aCN@b430000
105    @aak z 000yy
106    @ar
200 1  @a当代中国网络舆情研究@9dang dai zhong guo wang luo yu qing yan jiu@e以政治参与为视角@f安云初著
210    @a长沙@c湖南师范大学出版社@d2014.03
215    @a240页@c图@d24cm
300    @a教育部人文社会科学研究一般项目结项成果 教育部人文社会科学研究一般项目“政治参与视域中的网络舆情研究”(编号:09YJA810003)资助出版 湖南师范大学马克思主义理论湖南省“十二五”重点学科资助出版
330    @a本书共分为六章,主要内容包括:网络舆情的相关概念、网络舆情的要素、网络舆情的机制、网络舆情的观测等。
333    @a相关研究人员
517 1  @a以政治参与为视角@9yi zheng zhi can yu wei shi jiao
606 0  @a互联网络@x舆论@x研究@y中国
606 0  @a互联网络
606 0  @a舆论
690    @aC912.63@v5
690    @aG122@v5
701  0 @a安云初@9an yun chu@4著
801  0 @aCN@b人天书店@c20140410
905    @b845272-75@dC912.63@e832@f4
    
    当代中国网络舆情研究:以政治参与为视角/安云初著.-长沙:湖南师范大学出版社,2014.03
    240页:图;24cm
    教育部人文社会科学研究一般项目结项成果 教育部人文社会科学研究一般项目“政治参与视域中的网络舆情研究”(编号:09YJA810003)资助出版 湖南师范大学马克思主义理论湖南省“十二五”重点学科资助出版.-使用对象:相关研究人员
    
    ISBN 978-7-5648-1399-4:CNY30.00
    本书共分为六章,主要内容包括:网络舆情的相关概念、网络舆情的要素、网络舆情的机制、网络舆情的观测等。
●
相关链接 在E读中查询图书 在五车中查询图书 在当当中查询图书 在豆瓣中查询图书


正题名:当代中国网络舆情研究     索取号:C912.63/832         预约/预借

序号 登录号 条形码 馆藏地/架位号 状态 备注
1 845272   208452725   第一样本阅览室/ [索取号:C912.63/832] 在馆    
2 845273   208452734   第一借阅区/ [索取号:C912.63/832] 在馆    
3 845274   208452743   第一借阅区/ [索取号:C912.63/832] 在馆    
4 845275   208452752   第一借阅区/ [索取号:C912.63/832] 在馆    
唐山师范学院图书馆 欢迎您!
大连网信软件有限公司© 版权所有